|
|
|
|
| LEADER |
00000nab a2200000 a 4500 |
| 001 |
vtls011114048 |
| 003 |
SK-MaSNL |
| 005 |
20260303143701.0 |
| 008 |
230222|2005 xo |||||||||||||||||eng| |
| 015 |
|
|
|a SNBRB
|
| 035 |
|
|
|a (uuid)4cdf6215-068a-4f68-b314-9e16f4c6fc59
|
| 035 |
|
|
|a (urnnbn)urn:nbn:sk:snk:ar-a08i9d
|
| 035 |
|
|
|a urn:nbn:sk:snk-ab9kl0
|
| 040 |
|
|
|a SNKBUCL
|b slo
|c SNKBUCL
|e AACR2
|
| 041 |
0 |
|
|a eng
|
| 044 |
|
|
|a xo
|c SK
|
| 100 |
1 |
|
|a Tóth, T.
|4 aut
|9 273397
|
| 245 |
1 |
0 |
|a EQUIPMENTS FOR EDEMAS REHABILITATION OF LOWER EXTREMITIES
|c T. Tóth, J. Živčák, M. Michalíková, R. Hudák
|
| 700 |
1 |
|
|a Živčák, Jozef,
|d 1958-
|4 aut
|9 151558
|
| 700 |
1 |
|
|a Michalíková, M.
|4 aut
|9 383208
|
| 700 |
1 |
|
|a Hudák, Radovan,
|d 1976-
|4 aut
|9 167420
|
| 773 |
0 |
|
|t Acta Mechanica Slovaca
|g Roč. 9, č. 2-A (2005), s. 261-264
|
| 958 |
|
|
|a OND
|
| 958 |
|
|
|a EUIPO
|
| 958 |
|
|
|a article13
|
| 999 |
|
|
|c 1991713
|d 1993643
|